Biggest City Pairs with the same Name - Statistics

General Stats
  • This quiz has been taken 20 times
  • The average score is 5 of 15
Answer Stats
Population Cities % Correct
1,543,000 San Jose (California, United States) | San Jose (San José, Costa Rica)
72%
1,732,693 Hyderabad (Telangāna, India) | Hyderabad (Sindh, Pakistan)
61%
704,676 Birmingham (Birmingham, United Kingdom) | Birmingham (Alabama, United States)
50%
792,492 Valencia (Carabobo, Venezuela) | Valencia (Valencia, Spain)
50%
1,343,423 Santiago (Región Metropolitana, Chile) | Santiago (Cibao Norte, Dominican Republic)
44%
471,389 San Juan (Puerto Rico, United States) | San Juan (San Juan, Argentina)
33%
448,016 Barcelona (Catalonia, Spain) | Barcelona (Anzoátegui, Venezuela)
28%
328,883 Columbus (Ohio, United States) | Columbus (Alabama, United States)
28%
300,000 Saint Louis (Missouri, United States) | Saint Louis (Saint Louis, Senegal)
22%
3,671,192 Fuzhou (Jiangxi, China) | Fuzhou (Fujian, China)
17%
4,330,000 Suzhou (Anhui, China) | Suzhou (Jiangsu, China)
17%
530,000 Tripoli (Ţarābulus, Libya) | Tripoli (Liban-Nord, Lebanon)
11%
1,148,126 Yichun (Jiangxi, China) | Yichun (Heilongjiang, China)
11%
2,162,461 Taizhou (Jiangsu, China) | Taizhou (Zhejiang, China)
6%
853,197 Wuxi (Jiangsu, China) | Wuxi (Hunan, China)
6%
No matching quizzes found
Score Distribution
Percent of People with Each Score
Percentile by Number Answered
Your Score History
You have not taken this quiz